التقويم النفسي / (Record no. 15755)
[ view plain ]
| 000 -الفاتح | |
|---|---|
| حقل البيانات ثابتة الطول | 00871nam a22001937a 4500 |
| 008 - عناصر البيانات ثابتة الطول - معلومات عامة | |
| حقل البيانات ثابتة الطول | 110728s1987 ua|||||r|||| 00| 0 ara d |
| 020 ## - الرقم الدولى المعيارى للكتب | |
| الرقم الدولى المعيارى للكتاب | 9770505293 |
| 082 ## - رقم تصنيف ديوى العشرى | |
| رقم الطبعة | 22 |
| رقم التصنيف | 152.8 |
| رقم المادة | ح ط ب |
| 100 ## - المدخل الرئيسى - إسم شخصى | |
| 9 (RLIN) | 16525 |
| الإسم الشخصى | أبو حطب ، فؤاد عبد اللطيف |
| 245 ## - بيان العنوان | |
| العنوان | التقويم النفسي / |
| بيان المسئوليه,etc | تأليف فؤاد أبو حطب ، سيد أحمد عثمان، آمال صادق |
| 250 ## - بيان الطبعة | |
| بيان الطبعة | ط3، |
| بقية بيان الطبعة | مزيدة ومجددة |
| 260 ## - PUBLICATION, DISTRIBUTION, ETC. (IMPRINT) | |
| مكان الناشر او الموزع | القاهرة : |
| اسم الناشر او الموزع | مكتبة الأنجلو المصرية، 1987 |
| تاريخ النشر أو التوزيع | 1987 |
| 300 ## - الوصف المادى | |
| التعداد | 506 ص ؛ |
| أبعاد الوعاء | 22 سم |
| 650 ## - المدخل الاضافى بالموضوع-مصطلح موضوعى | |
| 9 (RLIN) | 16562 |
| مصطلح موضوعي أو اسم جغرافي كعنصر مدخل | علم النفس |
| التقسيم الفرعي العام | طرق القياس |
| 700 ## - المدخل الاضافى - اسم شخصى | |
| 9 (RLIN) | 26474 |
| الإسم الشخصى | عثمان ، سيد أحمد |
| 700 ## - المدخل الاضافى - اسم شخصى | |
| 9 (RLIN) | 26475 |
| الإسم الشخصى | صادق ، آمال |
| 942 ## - عناصر المدخل الإضافي( كوها) | |
| مصدر التصنيف او مخطط الترفيف | Dewey Decimal Classification |
| Koha [default] item type | Book - Borrowing |
| حالة التراجع | حالة الفقد | مصدر التصنيف او خطة الترفيف | حالة تلف | ليس للاعارة | مجموعات كوها | المكان الدائم | المكان الحالي | موقع الترفيف | تاريخ الاكتساب | Source of acquisition | رقم الاستدعاء | الباركود | Date last seen | مُعار | نوع الوعاء |
|---|---|---|---|---|---|---|---|---|---|---|---|---|---|---|---|
| Dewey Decimal Classification | Baccah | Central Library | Central Library | Lower Floor | 28/07/2011 | 152.8 ح ط ب | 000024467 | 15/07/2025 | 10/01/2015 | Book - Borrowing |